000 00332nam a2200133Ia 4500
008 240624s9999 xx 000 0 und d
041 _aeng
082 _a823 BAL
100 _aBALDACCI DAVID
245 _aGUILTY GOING HOME CAN KILL YOU
260 _c2015
_aNew Delhi
_bMacmillan
300 _a420 : p. : cm. ; 23
365 _cRS
_b32
999 _c26794
_d26794